[Event "DEM U12/U12w 2013"]
[Site "Oberhof GER"]
[Date "2013.05.24"]
[Round "10"]
[White "Reinecke, Katharina"]
[Black "Reif, Karla"]
[Result "1-0"]
[Termination "normal"]
[Board "38"]
[WhiteElo "1608"]
[BlackElo "1165"]
[PlyCount "139"]
[WhiteFideId "12929727"]
[BlackFideId "12971871"]
[EventCountry "GER"]
[EventRounds "11"]
[EventType "swiss"]
[EventDate "2013.05.18"]

1. e4 e5 2. Nf3 Nc6 3. Bc4 Bc5 4. c3 Nf6 5. d3 d6 6. Nbd2 a6 7. Bb3 Ba7 8. O-O
O-O 9. h3 Be6 10. Re1 h6 11. Nf1 Qd7 12. Ng3 Nd8 13. Nh4 Bxb3 14. Qxb3 b5 15.
Nhf5 Ne6 16. Qc2 Nf4 17. Bxf4 exf4 18. Ne2 g6 19. Nxh6+ Kg7 20. Ng4 Nxg4 21.
hxg4 Qxg4 22. d4 f3 23. Ng3 Rh8 24. Qd3 fxg2 25. Kxg2 c5 26. Rh1 Rh5 27. Rxh5
gxh5 28. Kf1 Qh3+ 29. Ke2 Qg4+ 30. Kd2 Qf4+ 31. Qe3 Qxe3+ 32. fxe3 h4 33. Nf5+
Kf6 34. Rh1 d5 35. Rxh4 dxe4 36. Ng3 cxd4 37. Nxe4+ Ke6 38. exd4 f5 39. Nf2 Rf8
40. Rh6+ Rf6 41. Rxf6+ Kxf6 42. Ke3 Bb8 43. Kf3 Bd6 44. Nd3 a5 45. Nf4 Bf8 46.
b3 Ba3 47. Nd5+ Ke6 48. Nc7+ Kf6 49. Nxb5 Bf8 50. c4 Ke6 51. c5 Kd5 52. Kf4 Bg7
53. Kxf5 Kc6 54. a4 Kd5 55. Kf4 Bh6+ 56. Kf3 Bg5 57. Ke2 Bf6 58. Kd3 Bg7 59.
Nc3+ Kc6 60. Kc4 Bf6 61. Nb5 Bd8 62. d5+ Kd7 63. c6+ Kc8 64. Kc5 Be7+ 65. d6
Bf8 66. Na7+ Kb8 67. c7+ Kxa7 68. c8=Q Bxd6+ 69. Kc6 Bc7 70. Qb7# 1-0

[Event "DEM U12/U12w 2013"]
[Site "Oberhof GER"]
[Date "2013.05.24"]
[Round "10"]
[White "Cejda, Cecilia"]
[Black "Watzlawik, Lee David"]
[Result "1-0"]
[Termination "normal"]
[Board "39"]
[WhiteElo "1335"]
[BlackElo "1170"]
[PlyCount "53"]
[WhiteFideId "12921122"]
[BlackFideId "1270474"]
[EventCountry "GER"]
[EventRounds "11"]
[EventType "swiss"]
[EventDate "2013.05.18"]

1. e4 e6 2. d4 d5 3. Nd2 c5 4. Ngf3 Nc6 5. exd5 Qxd5 6. Bc4 Qd8 7. Nb3 cxd4 8.
Nbxd4 Nxd4 9. Qxd4 Qxd4 10. Nxd4 Bd7 11. O-O a6 12. Be3 Rc8 13. Bb3 Bc5 14. c3
Nf6 15. Rfe1 O-O 16. Nc2 Bxe3 17. Nxe3 Bc6 18. Rad1 Rfd8 19. f3 Rd7 20. Rxd7
Nxd7 21. Rd1 h6 22. f4 Nc5 23. Bc2 Be4 24. Bxe4 Nxe4 25. f5 exf5 26. Nxf5 Nf6
27. Ne7+ 1-0

[Event "DEM U12/U12w 2013"]
[Site "Oberhof GER"]
[Date "2013.05.24"]
[Round "10"]
[White "Schumacher, Ole"]
[Black "von Jan, Lena"]
[Result "1/2-1/2"]
[Termination "normal"]
[Board "40"]
[WhiteElo "1120"]
[BlackElo "1285"]
[PlyCount "95"]
[WhiteFideId "12971898"]
[BlackFideId "12946060"]
[EventCountry "GER"]
[EventRounds "11"]
[EventType "swiss"]
[EventDate "2013.05.18"]

1. d4 d5 2. c4 e6 3. Nf3 Nf6 4. Nc3 Be7 5. Bg5 O-O 6. e3 Nbd7 7. Bd3 dxc4 8.
Bxc4 c5 9. O-O b6 10. Qc2 Bb7 11. Rad1 Qc7 12. Bd3 Rfe8 13. Rd2 Bd6 14. h3 h6
15. Bxf6 Nxf6 16. dxc5 Bxc5 17. Ne4 Bxe4 18. Bxe4 Nxe4 19. Qxe4 Rad8 20. Rfd1
Rxd2 21. Rxd2 Rd8 22. Rxd8+ Qxd8 23. Qa4 a5 24. Kf1 Qd3+ 25. Kg1 Qb1+ 26. Kh2
Qxb2 27. Kg1 Qb4 28. Qxb4 Bxb4 29. Kf1 Kf8 30. Ke2 Ke7 31. Kd3 Kd6 32. Kc4 f6
33. Nd4 e5 34. Nf5+ Kc6 35. Nxg7 b5+ 36. Kd3 a4 37. Nh5 f5 38. Ng7 e4+ 39. Kd4
Bc5+ 40. Kc3 f4 41. Nf5 fxe3 42. Nxe3 Bxe3 43. fxe3 Kc5 44. g4 b4+ 45. Kc2 Kd6
46. Kb2 Ke6 47. h4 Kf6 48. Kc2 1/2-1/2

[Event "DEM U12/U12w 2013"]
[Site "Oberhof GER"]
[Date "2013.05.24"]
[Round "10"]
[White "Walow, Xenia"]
[Black "Voß, Henrike"]
[Result "1/2-1/2"]
[Termination "normal"]
[Board "41"]
[WhiteElo "1271"]
[BlackElo "1063"]
[PlyCount "57"]
[WhiteFideId "12971839"]
[BlackFideId "12971910"]
[EventCountry "GER"]
[EventRounds "11"]
[EventType "swiss"]
[EventDate "2013.05.18"]

1. d4 Nf6 2. c4 c5 3. Nc3 e6 4. e4 d5 5. cxd5 exd5 6. Bd3 cxd4 7. Bb5+ Bd7 8.
Bxd7+ Qxd7 9. Qxd4 dxe4 10. Qe3 Qe6 11. a3 Nc6 12. Nb5 Bd6 13. Ne2 a6 14. Nxd6+
Qxd6 15. f3 Qe5 16. f4 Qf5 17. Ng3 Qd5 18. O-O Qd4 19. Re1 Rd8 20. h3 O-O 21.
Kh2 Qxe3 22. Bxe3 Rfe8 23. b4 Nd5 24. Rad1 Nxe3 25. Rxd8 Rxd8 26. Rxe3 Rd4 27.
Nxe4 f5 28. Ng5 Rd8 29. Nf3 1/2-1/2

[Event "DEM U12/U12w 2013"]
[Site "Oberhof GER"]
[Date "2013.05.24"]
[Round "10"]
[White "Wendler, David"]
[Black "Wong, Kar Yan"]
[Result "1-0"]
[Termination "normal"]
[Board "42"]
[WhiteElo "1548"]
[BlackElo "1189"]
[PlyCount "45"]
[WhiteFideId "12938360"]
[BlackFideId "12971855"]
[EventCountry "GER"]
[EventRounds "11"]
[EventType "swiss"]
[EventDate "2013.05.18"]

1. e4 e6 2. d4 d5 3. Nc3 dxe4 4. Nxe4 Nd7 5. Nf3 Ngf6 6. Nxf6+ Nxf6 7. Bd3 Be7
8. O-O O-O 9. Re1 Re8 10. c4 c5 11. b3 cxd4 12. Nxd4 Bc5 13. Nf3 e5 14. Rxe5
Rxe5 15. Bxh7+ Kxh7 16. Qxd8 Re8 17. Qc7 Bd4 18. Rb1 Bf5 19. Bb2 Bxf2+ 20. Kxf2
Bxb1 21. Qxf7 Ne4+ 22. Kg1 Rg8 23. Qh5# 1-0

[Event "DEM U12/U12w 2013"]
[Site "Oberhof GER"]
[Date "2013.05.24"]
[Round "10"]
[White "Lohrmann, Tabea"]
[Black "Schubert, Lea Sophie"]
[Result "1-0"]
[Termination "normal"]
[Board "43"]
[WhiteElo "1553"]
[BlackElo "816"]
[PlyCount "115"]
[WhiteFideId "12911941"]
[EventCountry "GER"]
[EventRounds "11"]
[EventType "swiss"]
[EventDate "2013.05.18"]

1. e4 e5 2. Nf3 Nc6 3. d4 exd4 4. Bc4 Bb4+ 5. c3 dxc3 6. Nxc3 Bxc3+ 7. bxc3 Qf6
8. Bd2 Nge7 9. O-O O-O 10. Qc2 d5 11. exd5 Bf5 12. Bd3 Bxd3 13. Qxd3 Ne5 14.
Nxe5 Qxe5 15. c4 Rad8 16. Rfe1 Qf5 17. Qa3 Nc8 18. Qg3 c6 19. Bc3 f6 20. dxc6
bxc6 21. Rad1 Rxd1 22. Rxd1 Qc2 23. Ra1 Rd8 24. h3 Rd3 25. Qb8 Rd1+ 26. Rxd1
Qxd1+ 27. Kh2 Qd6+ 28. Qxd6 Nxd6 29. c5 Ne4 30. Bd4 Kf7 31. f3 Ng5 32. Kg3 Ne6
33. Be3 g5 34. Kg4 Kg6 35. f4 h5+ 36. Kf3 gxf4 37. Bxf4 Nxc5 38. Be3 Ne6 39.
Bxa7 f5 40. a4 Nc7 41. a5 Na6 42. Bd4 c5 43. Be5 Kg5 44. Ke3 Kg6 45. Kd3 Kf7
46. Kc4 Ke6 47. Bf4 Kd7 48. Kb5 Nc7+ 49. Bxc7 Kxc7 50. Kxc5 Kb7 51. Kd5 f4 52.
Ke5 Ka6 53. Kxf4 Kxa5 54. Kg5 Kb5 55. Kxh5 Kc6 56. Kg6 Kd6 57. h4 Ke6 58. h5
1-0

[Event "DEM U12/U12w 2013"]
[Site "Oberhof GER"]
[Date "2013.05.24"]
[Round "10"]
[White "Schmidt, Sarah"]
[Black "Schulze, Nick"]
[Result "1/2-1/2"]
[Termination "normal"]
[Board "44"]
[WhiteElo "1194"]
[BlackElo "1257"]
[PlyCount "48"]
[WhiteFideId "12965480"]
[BlackFideId "12971847"]
[EventCountry "GER"]
[EventRounds "11"]
[EventType "swiss"]
[EventDate "2013.05.18"]

1. e4 c5 2. Nf3 e6 3. Nc3 Nc6 4. Bb5 d6 5. O-O Bd7 6. Re1 Be7 7. d4 cxd4 8.
Nxd4 Nxd4 9. Bxd7+ Qxd7 10. Qxd4 e5 11. Qd3 Nf6 12. Be3 O-O 13. Rad1 b6 14. Ne2
Rac8 15. Ng3 Rfd8 16. Bg5 h6 17. Bxf6 Bxf6 18. Nf5 Rc7 19. Rd2 Qc6 20. Red1
Rcd7 21. Qd5 Qc7 22. c3 Bg5 23. Rd3 g6 24. Ne3 Rc8 1/2-1/2

[Event "DEM U12/U12w 2013"]
[Site "Oberhof GER"]
[Date "2013.05.24"]
[Round "10"]
[White "Böse, Carolin"]
[Black "Reitz, Theresa"]
[Result "1/2-1/2"]
[Termination "normal"]
[Board "45"]
[WhiteElo "1263"]
[BlackElo "1113"]
[PlyCount "57"]
[WhiteFideId "12929646"]
[BlackFideId "12971901"]
[EventCountry "GER"]
[EventRounds "11"]
[EventType "swiss"]
[EventDate "2013.05.18"]

1. e4 d5 2. d4 c6 3. Nf3 g6 4. e5 Bg7 5. Bd3 Qb6 6. Nc3 Bg4 7. Be2 Nh6 8. Na4
Qc7 9. h3 Bxf3 10. Bxf3 O-O 11. Bf4 Na6 12. Qd2 Nf5 13. Bg4 e6 14. h4 Ne7 15.
h5 Qd7 16. Bh6 Bxh6 17. Qxh6 Nf5 18. Bxf5 exf5 19. Qg5 Rae8 20. O-O-O Qe7 21.
Qg3 b5 22. Nc3 Nc7 23. f4 Rb8 24. Rh3 Rb7 25. Rdh1 Ne6 26. Ne2 Rfb8 27. Qh2 Nf8
28. Rg1 Qb4 29. Qg3 1/2-1/2

[Event "DEM U12/U12w 2013"]
[Site "Oberhof GER"]
[Date "2013.05.24"]
[Round "10"]
[White "Duan, Muxi"]
[Black "Grey, Andrea"]
[Result "0-1"]
[Termination "normal"]
[Board "46"]
[WhiteElo "929"]
[BlackElo "1157"]
[PlyCount "58"]
[WhiteFideId "12971960"]
[BlackFideId "12971880"]
[EventCountry "GER"]
[EventRounds "11"]
[EventType "swiss"]
[EventDate "2013.05.18"]

1. e4 e6 2. d4 d5 3. exd5 exd5 4. Nf3 Nf6 5. Nc3 Bf5 6. Bg5 Be7 7. Bd3 Bxd3 8.
Qxd3 Nbd7 9. O-O O-O 10. Rfe1 Re8 11. Ne5 c6 12. Re3 Nh5 13. Bxe7 Rxe7 14. Nxd7
Qxd7 15. Rae1 Rae8 16. Nd1 Kf8 17. Qxh7 Nf6 18. Qd3 b6 19. Rxe7 Rxe7 20. Rxe7
Qxe7 21. h3 Qe1+ 22. Qf1 Qe6 23. Ne3 c5 24. c3 Qe4 25. Qd1 g6 26. g3 Nd7 27.
Nc2 c4 28. f3 Qd3 29. Ne1 Qxd1 0-1

[Event "DEM U12/U12w 2013"]
[Site "Oberhof GER"]
[Date "2013.05.24"]
[Round "10"]
[White "Hofmann, Jana"]
[Black "Bürmann, Theresia"]
[Result "1/2-1/2"]
[Termination "normal"]
[Board "47"]
[WhiteElo "970"]
[BlackElo "1187"]
[PlyCount "41"]
[WhiteFideId "12971952"]
[BlackFideId "12960241"]
[EventCountry "GER"]
[EventRounds "11"]
[EventType "swiss"]
[EventDate "2013.05.18"]

1. e4 e5 2. Nf3 Nf6 3. d3 h6 4. c3 Nc6 5. Be3 d6 6. Be2 Be7 7. Nbd2 O-O 8. O-O
a5 9. Re1 d5 10. exd5 Nxd5 11. Ne4 Bf5 12. Ng3 Bh7 13. h3 Bf6 14. Qc2 Nde7 15.
Nh5 Ng6 16. Nh2 Rb8 17. Ng4 Bg5 18. Bf3 Re8 19. Bxc6 bxc6 20. Qe2 Nf4 21. Qf3
1/2-1/2

[Event "DEM U12/U12w 2013"]
[Site "Oberhof GER"]
[Date "2013.05.24"]
[Round "10"]
[White "Christiansen, Sarah"]
[Black "Weiten, Teresa"]
[Result "1/2-1/2"]
[Termination "normal"]
[Board "48"]
[WhiteElo "1014"]
[BlackElo "995"]
[PlyCount "52"]
[WhiteFideId "12971936"]
[BlackFideId "12971944"]
[EventCountry "GER"]
[EventRounds "11"]
[EventType "swiss"]
[EventDate "2013.05.18"]

1. e4 e5 2. Nf3 Nc6 3. Bc4 Nf6 4. d3 Bc5 5. Nc3 h6 6. Be3 Bxe3 7. fxe3 O-O 8.
O-O d6 9. d4 Qe7 10. a3 Ng4 11. Qd2 Qf6 12. Nxe5 Qh4 13. Nxg4 Bxg4 14. h3 Be6
15. Be2 Qg5 16. Bg4 Bxg4 17. hxg4 Qxg4 18. Rf3 Rae8 19. Qf2 Re6 20. Kf1 Qh5 21.
Ke2 Rf6 22. Kd3 Rxf3 23. gxf3 f5 24. Qg2 fxe4+ 25. fxe4 Ne7 26. Rf1 Rxf1
1/2-1/2

[Event "DEM U12/U12w 2013"]
[Site "Oberhof GER"]
[Date "2013.05.25"]
[Round "11"]
[White "Martin, Julian"]
[Black "Engel, Luis"]
[Result "1/2-1/2"]
[Termination "normal"]
[Board "1"]
[WhiteElo "1847"]
[BlackElo "1740"]
[PlyCount "91"]
[WhiteFideId "12941000"]
[BlackFideId "12961523"]
[EventCountry "GER"]
[EventRounds "11"]
[EventType "swiss"]
[EventDate "2013.05.18"]

1. e4 c5 2. Nf3 d6 3. d4 cxd4 4. Nxd4 Nf6 5. Nc3 a6 6. f3 e5 7. Nb3 Be6 8. Be3
Be7 9. Qd2 O-O 10. O-O-O Nbd7 11. g4 b5 12. g5 b4 13. Nd5 Nxd5 14. exd5 Bf5 15.
Kb1 a5 16. Bd3 Bxd3 17. Qxd3 a4 18. Nd2 Bxg5 19. Bxg5 Qxg5 20. Rdg1 Qe7 21. Rg3
Nc5 22. Qf5 Kh8 23. Qh5 g6 24. Qh6 Qf6 25. Rh3 Qg7 26. Qh4 a3 27. Nc4 axb2 28.
Nxd6 e4 29. Nxe4 Nxe4 30. fxe4 h5 31. Rg1 Ra6 32. Qf4 Rxa2 33. Kxa2 Ra8+ 34.
Kb3 Ra3+ 35. Kxb4 Rxh3 36. Qb8+ Kh7 37. e5 Rxh2 38. Kb3 Re2 39. e6 fxe6 40. d6
Qd4 41. Rf1 Re3+ 42. Ka2 Qc4+ 43. Kxb2 Qxf1 44. Qa7+ Kg8 45. Qxe3 Qb5+ 46. Kc1
1/2-1/2

[Event "DEM U12/U12w 2013"]
[Site "Oberhof GER"]
[Date "2013.05.25"]
[Round "11"]
[White "Mätzkow, Maximilian Paul"]
[Black "Gungl, Theo"]
[Result "0-1"]
[Termination "normal"]
[Board "2"]
[WhiteElo "1730"]
[BlackElo "1916"]
[PlyCount "136"]
[WhiteFideId "24679933"]
[BlackFideId "24695653"]
[EventCountry "GER"]
[EventRounds "11"]
[EventType "swiss"]
[EventDate "2013.05.18"]

1. d4 Nf6 2. Nf3 g6 3. c4 Bg7 4. Nc3 d5 5. cxd5 Nxd5 6. e4 Nxc3 7. bxc3 O-O 8.
Be2 c5 9. Rb1 b6 10. O-O Bb7 11. e5 cxd4 12. cxd4 Nc6 13. Be3 Qd5 14. Qd2 Rad8
15. Rfc1 Na5 16. Rc7 Rd7 17. Rbc1 Rxc7 18. Rxc7 Rc8 19. Qc2 Qd8 20. Rxc8 Bxc8
21. Qa4 Qd7 22. Bb5 Qf5 23. Bd2 Qb1+ 24. Ne1 Qe4 25. Bd3 Qc6 26. Bb5 Qd5 27.
Bc4 Qd8 28. Bd3 Bb7 29. h3 Kf8 30. Be3 Bd5 31. Qc2 f6 32. f4 fxe5 33. fxe5 Kg8
34. h4 Bf7 35. h5 Qe8 36. Nf3 gxh5 37. Bxh7+ Kf8 38. Ng5 e6 39. Nxf7 Qxf7 40.
Bg6 Qd7 41. Bxh5 Nc6 42. Qf2+ Kg8 43. Qh4 Ne7 44. Bg4 Nc6 45. Bh3 Ne7 46. Qg5
Nc6 47. Qg4 Kf7 48. Qf3+ Kg8 49. Qe4 Ne7 50. Kh2 Kf7 51. Qf3+ Kg8 52. Qg3 Nc6
53. Qf2 Ne7 54. g4 Nd5 55. Bd2 Ne7 56. g5 Nc6 57. Be3 Ne7 58. Bg4 Nd5 59. Bd2
Ne7 60. Bc3 Nd5 61. Bb2 Qe7 62. g6 Nc7 63. Bh5 Qg5 64. Qe2 Nd5 65. Bf3 Nf4 66.
Qf2 Qh6+ 67. Kg3 Qxg6+ 68. Kxf4 Bh6# 0-1

[Event "DEM U12/U12w 2013"]
[Site "Oberhof GER"]
[Date "2013.05.25"]
[Round "11"]
[White "Schmidek, Emil"]
[Black "Buckels, Valentin"]
[Result "0-1"]
[Termination "normal"]
[Board "3"]
[WhiteElo "1957"]
[BlackElo "1994"]
[PlyCount "80"]
[WhiteFideId "12908150"]
[BlackFideId "12942766"]
[EventCountry "GER"]
[EventRounds "11"]
[EventType "swiss"]
[EventDate "2013.05.18"]

1. e4 e5 2. Nf3 Nc6 3. Bb5 f5 4. d3 Nf6 5. Qe2 fxe4 6. dxe4 Bc5 7. Qc4 Qe7 8.
Bg5 a6 9. Bxc6 dxc6 10. Nbd2 Bg4 11. h3 Bxf3 12. Nxf3 O-O-O 13. Bh4 Rhe8 14.
O-O h6 15. c3 g5 16. Bg3 Bd6 17. b4 Nh5 18. a4 Qe6 19. Qe2 Nf4 20. Qb2 b6 21.
Nd2 h5 22. b5 cxb5 23. a5 Kb7 24. axb6 cxb6 25. c4 b4 26. Kh2 Bc5 27. Nb3 Nd3
28. Qa2 a5 29. f3 h4 30. Bf2 Bxf2 31. Rxf2 Qe7 32. Rc2 Nc5 33. Nxc5+ Qxc5 34.
Rd2 Rxd2 35. Qxd2 Qd4 36. Qa2 Rc8 37. Qa4 Qxc4 38. Rd1 Ka6 39. Qd7 b3 40. Rb1
a4 0-1

[Event "DEM U12/U12w 2013"]
[Site "Oberhof GER"]
[Date "2013.05.25"]
[Round "11"]
[White "Savchenko, Daniel"]
[Black "Reuker, Jari"]
[Result "0-1"]
[Termination "normal"]
[Board "4"]
[WhiteElo "1763"]
[BlackElo "1802"]
[PlyCount "114"]
[WhiteFideId "12919195"]
[BlackFideId "12909300"]
[EventCountry "GER"]
[EventRounds "11"]
[EventType "swiss"]
[EventDate "2013.05.18"]

1. e4 c5 2. Nf3 Nc6 3. d4 cxd4 4. Nxd4 Nf6 5. Nc3 e6 6. Nxc6 bxc6 7. Bd3 Qc7 8.
O-O Be7 9. f4 d5 10. e5 Nd7 11. Qh5 Nc5 12. Rf3 Nxd3 13. Rxd3 Rb8 14. Rg3 Bf8
15. b3 Qa5 16. Bb2 Qc5+ 17. Kh1 Qf2 18. Ne2 c5 19. Qf3 Qxf3 20. Rxf3 Ba6 21.
Ng3 Be7 22. Nf1 O-O 23. Nd2 Rfd8 24. Ba3 Rd7 25. h3 g6 26. Rc1 c4 27. Bxe7 Rxe7
28. c3 Reb7 29. b4 Bb5 30. Rf2 Bd7 31. Nf3 a5 32. a3 axb4 33. axb4 Ra8 34. Nd4
Ra3 35. Rb2 Kf8 36. Kh2 Ke7 37. g4 Kd8 38. h4 Rb8 39. Rf2 Ke7 40. Kh3 Rxb4 41.
Rf3 Rb2 42. h5 Raa2 43. Kh4 gxh5 44. gxh5 Rh2+ 45. Rh3 Rhd2 46. Kg5 Ra3 47. Nc2
Rb3 48. Rg3 d4 49. Kh6 Bc6 50. Na1 Ra3 51. Kxh7 d3 52. Kg7 Rh2 53. Re1 Raa2 54.
h6 Rag2 55. Rg1 d2 56. h7 Rxg3+ 57. Rxg3 d1=Q 0-1

[Event "DEM U12/U12w 2013"]
[Site "Oberhof GER"]
[Date "2013.05.25"]
[Round "11"]
[White "Vuckovic, Zarko"]
[Black "Schneider, Jana"]
[Result "1/2-1/2"]
[Termination "normal"]
[Board "5"]
[WhiteElo "1722"]
[BlackElo "1644"]
[PlyCount "49"]
[WhiteFideId "12952087"]
[BlackFideId "12924997"]
[EventCountry "GER"]
[EventRounds "11"]
[EventType "swiss"]
[EventDate "2013.05.18"]

1. e4 c5 2. Nc3 Nc6 3. f4 g6 4. Nf3 Bg7 5. Bb5 Nd4 6. Nxd4 cxd4 7. Ne2 a6 8.
Bd3 e6 9. b3 d6 10. O-O Ne7 11. Ng3 f5 12. exf5 exf5 13. Bb2 O-O 14. Qf3 Qb6
15. Rae1 Re8 16. Qf2 Bd7 17. Ba3 Bb5 18. Re6 Bxd3 19. cxd3 Rad8 20. Rfe1 Kf7
21. Qe2 Bf6 22. Bb2 Qa7 23. Ba3 Qb6 24. Bb2 Qa7 25. Ba3 1/2-1/2

[Event "DEM U12/U12w 2013"]
[Site "Oberhof GER"]
[Date "2013.05.25"]
[Round "11"]
[White "Poghosyan, Tigran"]
[Black "Muckle, Julius"]
[Result "1/2-1/2"]
[Termination "normal"]
[Board "6"]
[WhiteElo "1945"]
[BlackElo "1804"]
[PlyCount "41"]
[WhiteFideId "12909319"]
[BlackFideId "12942430"]
[EventCountry "GER"]
[EventRounds "11"]
[EventType "swiss"]
[EventDate "2013.05.18"]

1. d4 d5 2. Nf3 c6 3. e3 Bg4 4. c4 e6 5. h3 Bxf3 6. Qxf3 Nf6 7. Nd2 Be7 8. Bd3
O-O 9. O-O Re8 10. a3 Nbd7 11. e4 dxe4 12. Nxe4 Nxe4 13. Bxe4 Nf6 14. Rd1 Nxe4
15. Qxe4 Bf6 16. Be3 Qc7 17. Rac1 Rad8 18. b4 Qe7 19. Rb1 Rd7 20. Rd3 Red8 21.
Rbd1 1/2-1/2

[Event "DEM U12/U12w 2013"]
[Site "Oberhof GER"]
[Date "2013.05.25"]
[Round "11"]
[White "Reimann, Sebastian"]
[Black "Rockmann, Jan-Okke"]
[Result "1-0"]
[Termination "normal"]
[Board "7"]
[WhiteElo "1629"]
[BlackElo "1785"]
[PlyCount "87"]
[WhiteFideId "12928054"]
[BlackFideId "12942111"]
[EventCountry "GER"]
[EventRounds "11"]
[EventType "swiss"]
[EventDate "2013.05.18"]

1. e4 e5 2. Nf3 Nc6 3. Bb5 a6 4. Ba4 Nf6 5. d3 b5 6. Bb3 Bc5 7. O-O d6 8. c3
Bg4 9. h3 Bh5 10. Re1 O-O 11. Nbd2 d5 12. exd5 Nxd5 13. Ne4 Bb6 14. Ng3 Bg6 15.
Nxe5 Nxe5 16. Rxe5 Bxf2+ 17. Kxf2 Qf6+ 18. Qf3 Qxe5 19. d4 Qe7 20. Bxd5 Rad8
21. Bf4 Rfe8 22. Bc6 Rf8 23. Re1 Qf6 24. Be5 Qxf3+ 25. gxf3 Rc8 26. Ne4 Bxe4
27. Rxe4 h6 28. a3 f5 29. Re2 f4 30. Bb7 Rb8 31. Bd5+ Kh8 32. Bxc7 Rbc8 33. Be5
a5 34. Re4 Kh7 35. Rxf4 Rxf4 36. Bxf4 b4 37. Be4+ g6 38. axb4 axb4 39. cxb4 Rc4
40. Be5 Rxb4 41. d5 Kg8 42. d6 Kf7 43. d7 Ke7 44. Bd6+ 1-0

[Event "DEM U12/U12w 2013"]
[Site "Oberhof GER"]
[Date "2013.05.25"]
[Round "11"]
[White "Mantel, Ruben"]
[Black "Fieberg, Samuel"]
[Result "1/2-1/2"]
[Termination "normal"]
[Board "8"]
[WhiteElo "1667"]
[BlackElo "1900"]
[PlyCount "73"]
[WhiteFideId "12930121"]
[BlackFideId "12901717"]
[EventCountry "GER"]
[EventRounds "11"]
[EventType "swiss"]
[EventDate "2013.05.18"]

1. d4 d5 2. Nf3 Nf6 3. Bf4 e6 4. e3 c5 5. Nbd2 Nc6 6. c3 Be7 7. Bd3 O-O 8. Ne5
Nxe5 9. dxe5 Nd7 10. Nf3 f5 11. h4 h6 12. Qe2 Rf7 13. O-O-O Qa5 14. Bb1 b5 15.
g4 fxg4 16. Ng5 Rxf4 17. exf4 Nf8 18. Qxg4 b4 19. Nf3 bxc3 20. Bc2 Qxa2 21.
bxc3 Qa3+ 22. Kd2 d4 23. c4 Qc3+ 24. Kc1 Rb8 25. Rhg1 g6 26. h5 Ba6 27. hxg6
Bxc4 28. g7 Nd7 29. Qg6 Qa3+ 30. Kd2 Qa5+ 31. Kc1 Qa3+ 32. Kd2 Qb4+ 33. Kc1
Qb2+ 34. Kd2 Qb4+ 35. Kc1 Qb2+ 36. Kd2 d3 37. Rc1 1/2-1/2

[Event "DEM U12/U12w 2013"]
[Site "Oberhof GER"]
[Date "2013.05.25"]
[Round "11"]
[White "Stein, Robert"]
[Black "Wong, Gengchun"]
[Result "1/2-1/2"]
[Termination "normal"]
[Board "9"]
[WhiteElo "1728"]
[BlackElo "1654"]
[PlyCount "76"]
[WhiteFideId "12921084"]
[BlackFideId "12963283"]
[EventCountry "GER"]
[EventRounds "11"]
[EventType "swiss"]
[EventDate "2013.05.18"]

1. e4 c5 2. Nf3 d6 3. d4 cxd4 4. Nxd4 Nf6 5. Nc3 a6 6. Bg5 Nbd7 7. f4 Qc7 8.
Qf3 b5 9. O-O-O Bb7 10. a3 g6 11. Kb1 Bg7 12. Bd3 Rc8 13. Rhe1 Nb6 14. Qh3 Nc4
15. Bxc4 Qxc4 16. Bxf6 Bxf6 17. e5 dxe5 18. fxe5 Bg7 19. Ndxb5 O-O 20. Nd4 Rfd8
21. Nb3 e6 22. Na5 Qc7 23. Nxb7 Qxb7 24. Rxd8+ Rxd8 25. Qg3 Qc7 26. Qe3 Qc6 27.
Qg5 Qc7 28. Qe3 Qc6 29. g4 Qg2 30. Qf4 Qb7 31. Rf1 Qc7 32. Re1 Rb8 33. Qe3 Qb7
34. b3 Rc8 35. Kb2 Qg2 36. Qf4 Qc6 37. Qe3 Qg2 38. Qf4 Qc6 1/2-1/2

[Event "DEM U12/U12w 2013"]
[Site "Oberhof GER"]
[Date "2013.05.25"]
[Round "11"]
[White "Renger, Niklas"]
[Black "Degenhard, Simon"]
[Result "1-0"]
[Termination "normal"]
[Board "10"]
[WhiteElo "1815"]
[BlackElo "1711"]
[PlyCount "89"]
[WhiteFideId "12908096"]
[BlackFideId "12944017"]
[EventCountry "GER"]
[EventRounds "11"]
[EventType "swiss"]
[EventDate "2013.05.18"]

1. e4 e6 2. d4 d5 3. Nd2 a6 4. c3 c5 5. exd5 exd5 6. Ngf3 Nf6 7. Be2 Be7 8.
dxc5 Bxc5 9. Nb3 Ba7 10. O-O O-O 11. Bg5 Be6 12. Nfd4 Nc6 13. Re1 Re8 14. Bf3
Qd6 15. Bxf6 gxf6 16. Qd2 Rad8 17. Rad1 Ne5 18. Qh6 Nxf3+ 19. Nxf3 Bg4 20. Nbd4
Bxd4 21. Rxd4 Rxe1+ 22. Nxe1 Bf5 23. Qe3 Qe5 24. Nd3 Qxe3 25. fxe3 Bxd3 26.
Rxd3 Re8 27. Kf2 Re5 28. Ke2 Kf8 29. Rd4 Ke7 30. Rf4 Ke6 31. h4 f5 32. g3 Re4
33. Kf3 h5 34. Rxe4+ fxe4+ 35. Kf4 f6 36. b3 b6 37. a3 b5 38. b4 Ke7 39. g4
hxg4 40. Kxg4 Ke6 41. Kf4 Ke7 42. Kf5 Kf7 43. h5 Kg7 44. h6+ Kxh6 45. Kxf6 1-0

[Event "DEM U12/U12w 2013"]
[Site "Oberhof GER"]
[Date "2013.05.25"]
[Round "11"]
[White "Sanati, Charlotte"]
[Black "Reimers, Kim"]
[Result "1-0"]
[Termination "normal"]
[Board "11"]
[WhiteElo "1672"]
[BlackElo "1603"]
[PlyCount "79"]
[WhiteFideId "12907707"]
[BlackFideId "12930377"]
[EventCountry "GER"]
[EventRounds "11"]
[EventType "swiss"]
[EventDate "2013.05.18"]

1. e4 e6 2. d4 d5 3. Nd2 a6 4. Ngf3 Nf6 5. e5 Nfd7 6. Bd3 c5 7. c3 Nc6 8. O-O
g5 9. Nb1 g4 10. Ng5 cxd4 11. cxd4 Be7 12. Nxh7 Rg8 13. Be3 Qb6 14. Qd2 Nb4 15.
b3 Nxd3 16. Qxd3 Qd8 17. Nd2 Nb8 18. Rac1 Bd7 19. Qc2 Nc6 20. a4 Nb4 21. Qb1 b5
22. Rfe1 Rb8 23. axb5 Bxb5 24. Rc3 Rc8 25. Rxc8 Qxc8 26. Rc1 Qd8 27. Nf6+ Bxf6
28. exf6 Kd7 29. Qh7 Qf8 30. Bf4 Nc6 31. Qh5 Kd8 32. Rxc6 Qa3 33. Qh7 Qa1+ 34.
Nb1 Bxc6 35. Qxg8+ Be8 36. Qh7 Qxd4 37. Bd2 Qxf6 38. Ba5+ Kd7 39. Qc2 Ke7 40.
Qc5+ 1-0

[Event "DEM U12/U12w 2013"]
[Site "Oberhof GER"]
[Date "2013.05.25"]
[Round "11"]
[White "Schnabel, Bennett"]
[Black "Schulze, Lara"]
[Result "1-0"]
[Termination "normal"]
[Board "12"]
[WhiteElo "1708"]
[BlackElo "1839"]
[PlyCount "73"]
[WhiteFideId "12943290"]
[BlackFideId "12956830"]
[EventCountry "GER"]
[EventRounds "11"]
[EventType "swiss"]
[EventDate "2013.05.18"]

1. d4 d5 2. Nf3 Nf6 3. e3 e6 4. Bd3 c5 5. c3 Nc6 6. O-O Be7 7. Nbd2 O-O 8. dxc5
Bxc5 9. e4 Qc7 10. exd5 exd5 11. Nb3 Bd6 12. h3 Be6 13. Nbd4 a6 14. Re1 Rae8
15. Bg5 Nd7 16. Qd2 Nce5 17. Nxe5 Nxe5 18. Bc2 Nd7 19. Qd3 g6 20. Bh6 Ne5 21.
Qd1 Nc4 22. Bxf8 Bxf8 23. Nxe6 fxe6 24. Qg4 Qc6 25. b3 Na3 26. Bd3 Qxc3 27.
Bxg6 Re7 28. Bh5+ Kh8 29. Rac1 Qf6 30. Qf3 Qg7 31. Rc8 Kg8 32. Qg4 Qxg4 33.
Bxg4 d4 34. Rxe6 Rf7 35. Re4 Nb5 36. Be6 Nd6 37. Rg4+ 1-0